000 00617nam a2200193Ia 4500
008 090124s9999 xx 000 0 und d
082 _b133064
_a100904
100 _aचेस जेम्स हॅडले
245 _a बॉटल नेक मर्डर
250 _a1
260 _c2005
300 _a191
600 _aचेस जेम्स हॅडले
630 _a बॉटल नेक मर्डर
700 _aहुद्दार मधुकर
700 _aचेस जेम्स हॅडले
730 _a बॉटल नेक मर्डर
942 _cBOOK
999 _c179280
_d179280